Statistical spectral analysis : A nonprobabilistic theory /

Na minha lista:
Detalhes bibliográficos
Autor principal: Gardner, W.A (Author)
Formato: Livro
Idioma:inglês
Publicado em: Englewood Cliffs : Prentice Hall, 1988
Tags: Adicionar Tag
Sem tags, seja o primeiro a adicionar uma tag!

MARC

LEADER 00000nam a22000003a 4500
001 stu3125
005 20150617225616.2
008 930212s1988----xxu-----------------eng-d
040 |a STU  |b slo 
041 0 |a eng 
044 |a xxu 
080 |a 519.23 
100 1 |a Gardner, W.A  |4 aut 
245 1 |a Statistical spectral analysis :  |b A nonprobabilistic theory /  |c [aut.] Gardner,W.A 
260 |a Englewood Cliffs :  |b Prentice Hall,  |c 1988 
300 |a 566 s 
996 |b E67624  |c E*67624  |l EE16  |s P  |a 0  |w stu3125_0001